| 000 | 01009nam a2200145Ia 4500 | ||
|---|---|---|---|
| 005 | 20260209120132.0 | ||
| 008 | 260209s9999||||xx |||||||||||||| ||und|| | ||
| 100 | _aPalasree Kirttania | ||
| 245 | 0 | _aLet them produce a constitution which carries behind it a fair measure of general agreement among the great peoples of India - lord birkenhead. How far the constitution of India been able to meet this challenge? | |
| 260 |
_aBangaloreBangalore _bNLSIU _c2013 |
||
| 300 | _a70 p. ; 25 cm. | ||
| 505 | _aTABLE OF CONTENTS 1. List of Abbreviations 5; 2. Chapter 1 - Introduction 6; 3. Chapter 2 - Meaning of Constitution 11; 4. Chapter 3 - Organization of Government in Constitution of India 27; 5. Chapter 4 - Historical Perspective on Making of the Constitution 46; 6. Chapter 5 - Reflection of General Agreement in the Constitution 60; 7. Chapter 6 - Conclusion 64; 8. Bibliography 69. | ||
| 700 | _aProf. T. Devidas - GuideProf. T. Devidas - Guide | ||
| 856 | _uhttps://dans.nls.ac.in/handle/123456789/1834 | ||
| 999 |
_c217085 _d217085 |
||